[Event "Olympiad-42"]
[Site "Baku"]
[Date "2016.09.10"]
[Round "8.2"]
[White "Greenidge, Ronuel"]
[Black "Del Castilho, Martyn Simon"]
[Result "0-1"]
[WhiteElo "1723"]
[BlackElo "2248"]
[PlyCount "82"]
[EventDate "2016.09.02"]
[EventType "team-swiss"]
[EventRounds "11"]
[EventCountry "AZE"]
[SourceTitle "CBM 175"]
[Source "ChessBase"]
[SourceDate "2016.11.10"]
[SourceVersion "1"]
[SourceVersionDate "2016.11.10"]
[SourceQuality "1"]
[WhiteTeam "Guyana"]
[BlackTeam "Barbados"]
[WhiteTeamCountry "GUY"]
[BlackTeamCountry "BAR"]

1. c4 e5 2. Nc3 Nf6 3. g3 c6 4. Bg2 d5 5. cxd5 cxd5 6. Qb3 Nc6 7. Nxd5 Nd4 8. Nxf6+ Qxf6 9. Qd1 Bf5 10. d3 Rc8 11. Bd2 Nc2+ 12. Kf1 Nxa1 13. Qxa1 Bc5 14. Be1 Rc7 15. h4 0-0 16. Nf3 Rfc8 17. Qd1 Bb4 18. Qb3 Bxe1 19. Nxe1 Rc1 20. Bd5 e4 21. Kg2 exd3 22. Nxd3 Rxh1 23. Kxh1 Bxd3 24. Qxd3 Qxf2 25. Bc4 h6 26. b3 Qf1+ 27. Kh2 Qf2+ 28. Kh1 Re8 29. Qf3 Qxf3+ 30. exf3 Rd8 31. a4 Rd2 32. Kg1 a5 33. h5 Kf8 34. Kf1 Ke7 35. Ke1 Rb2 36. g4 f6 37. Kd1 Kd6 38. Kc1 Rf2 39. Kd1 Rxf3 40. Kc2 Rg3 41. Be2 Ke5 0-1

[Event "Olympiad-41"]
[Site "Tromsoe"]
[Date "2014.08.10"]
[Round "8.2"]
[White "Greenidge, Ronuel"]
[Black "Suni, Syairazi"]
[Result "1-0"]
[WhiteElo "1630"]
[BlackElo "1860"]
[PlyCount "79"]
[EventDate "2014.08.02"]
[EventType "team-swiss"]
[EventRounds "11"]
[EventCountry "NOR"]
[SourceTitle "CBM 162"]
[Source "ChessBase"]
[SourceDate "2014.09.17"]
[SourceVersion "1"]
[SourceVersionDate "2014.09.17"]
[SourceQuality "1"]
[WhiteTeam "Guyana"]
[BlackTeam "Brunei"]
[WhiteTeamCountry "GUY"]
[BlackTeamCountry "BRN"]

1. c4 Nf6 2. Nc3 g6 3. Nf3 Bg7 4. g3 0-0 5. d4 c6 6. Bg2 d5 7. cxd5 cxd5 8. 0-0 Re8 9. e3 Nbd7 10. Qb3 Nb6 11. a4 a5 12. Ne5 e6 13. Rd1 Nfd7 14. Nd3 Nc4 15. Nb5 Qb6 16. Qc2 Nf6 17. b3 Nd6 18. Nc7 Bd7 19. Nxa8 Rxa8 20. Ba3 Rc8 21. Qb2 Nde8 22. Rac1 Bc6 23. Rc2 Nd7 24. Rdc1 Qd8 25. b4 axb4 26. Nxb4 Nb8 27. Nxc6 bxc6 28. Bf1 Bf8 29. Bxf8 Kxf8 30. Qb4+ Kg7 31. a5 Nc7 32. Qb7 Ne8 33. a6 Rc7 34. Qa8 Rc8 35. a7 Nd7 36. Qb7 Nd6 37. Qb4 Nb6 38. Rxc6 Ndc4 39. Rxc8 Qxc8 40. Qxb6 1-0

[Event "Olympiad-41"]
[Site "Tromsoe"]
[Date "2014.08.08"]
[Round "6.2"]
[White "Kigigha, Bomo"]
[Black "Greenidge, Ronuel"]
[Result "1-0"]
[WhiteElo "2197"]
[BlackElo "1630"]
[PlyCount "67"]
[EventDate "2014.08.02"]
[EventType "team-swiss"]
[EventRounds "11"]
[EventCountry "NOR"]
[SourceTitle "CBM 162"]
[Source "ChessBase"]
[SourceDate "2014.09.17"]
[SourceVersion "1"]
[SourceVersionDate "2014.09.17"]
[SourceQuality "1"]
[WhiteTeam "Nigeria"]
[BlackTeam "Guyana"]
[WhiteTeamCountry "NGR"]
[BlackTeamCountry "GUY"]

1. c4 c5 2. Nf3 b6 3. g3 Bb7 4. Bg2 Nf6 5. Nc3 e6 6. 0-0 Be7 7. d4 cxd4 8. Qxd4 d6 9. Rd1 a6 10. b3 0-0 11. e4 Nbd7 12. Qe3 Qc7 13. Bb2 Rfd8 14. Rac1 Rac8 15. Nd4 Qb8 16. h3 Qa8 17. g4 Nc5 18. Re1 h6 19. f4 e5 20. Nf5 Bf8 21. Rcd1 Qb8 22. g5 exf4 23. Qxf4 Ne6 24. Nxh6+ gxh6 25. Qxf6 Bg7 26. Qf2 Nxg5 27. h4 Ne6 28. Nd5 Bxd5 29. exd5 Nf8 30. Qg3 Ng6 31. Bxg7 Kxg7 32. h5 b5 33. hxg6 fxg6 34. Re7+ 1-0

[Event "Olympiad-41"]
[Site "Tromsoe"]
[Date "2014.08.03"]
[Round "2.2"]
[White "Abdyjapar, Asyl"]
[Black "Greenidge, Ronuel"]
[Result "1-0"]
[WhiteElo "2368"]
[BlackElo "1630"]
[PlyCount "77"]
[EventDate "2014.08.02"]
[EventType "team-swiss"]
[EventRounds "11"]
[EventCountry "NOR"]
[SourceTitle "CBM 162"]
[Source "ChessBase"]
[SourceDate "2014.09.17"]
[SourceVersion "1"]
[SourceVersionDate "2014.09.17"]
[SourceQuality "1"]
[WhiteTeam "Kyrgyzstan"]
[BlackTeam "Guyana"]
[WhiteTeamCountry "KGZ"]
[BlackTeamCountry "GUY"]

1. d4 d5 2. c4 c6 3. Nf3 Nf6 4. e3 e6 5. Nc3 a6 6. Qc2 Be7 7. Bd3 dxc4 8. Bxc4 b5 9. Bd3 c5 10. dxc5 Bxc5 11. Nxb5 0-0 12. Nc3 Nbd7 13. 0-0 Bb7 14. Rd1 Qe7 15. h3 Rac8 16. Qe2 Rc6 17. Bd2 e5 18. e4 Bd4 19. Nd5 Qd8 20. Nxd4 exd4 21. Rac1 Rxc1 22. Nxf6+ Qxf6 23. Rxc1 Qd6 24. Qh5 g6 25. Qa5 Re8 26. Qc7 Qxc7 27. Rxc7 Bc8 28. f4 Nf8 29. e5 Be6 30. a4 Rb8 31. b4 Bb3 32. a5 Ne6 33. Rc6 Bd5 34. Rxa6 Nxf4 35. Bxf4 Rxb4 36. Rd6 Rb3 37. Rxd5 Rxd3 38. Bh6 f6 39. e6 1-0

[Event "Olympiad-41"]
[Site "Tromsoe"]
[Date "2014.08.02"]
[Round "1.2"]
[White "Mehmeti, Dritan"]
[Black "Greenidge, Ronuel"]
[Result "1-0"]
[WhiteElo "2416"]
[BlackElo "1630"]
[PlyCount "63"]
[EventDate "2014.08.02"]
[EventType "team-swiss"]
[EventRounds "11"]
[EventCountry "NOR"]
[SourceTitle "CBM 162"]
[Source "ChessBase"]
[SourceDate "2014.09.17"]
[SourceVersion "1"]
[SourceVersionDate "2014.09.17"]
[SourceQuality "1"]
[WhiteTeam "Albania"]
[BlackTeam "Guyana"]
[WhiteTeamCountry "ALB"]
[BlackTeamCountry "GUY"]

1. e4 c6 2. d4 d5 3. e5 Bf5 4. Nc3 e6 5. g4 Bg6 6. Nge2 h6 7. h4 Bb4 8. f4 Ne7 9. h5 Bh7 10. a3 Bxc3+ 11. Nxc3 Nd7 12. Be3 a6 13. Bd3 Bxd3 14. Qxd3 Qc7 15. 0-0-0 c5 16. dxc5 Nxc5 17. Bxc5 Qxc5 18. Ne4 Qc7 19. Nd6+ Kd7 20. f5 Raf8 21. Rhf1 Nc8 22. Nxf7 Ne7 23. Nxh8 Rxh8 24. fxe6+ Kxe6 25. g5 Kd7 26. Qh3+ Ke8 27. Qe6 Qc6 28. Qf7+ Kd8 29. Qxg7 Rg8 30. Rf8+ Rxf8 31. Qxf8+ Kd7 32. Qxh6 1-0

[Event "Georgetown Rating"]
[Site "Georgetown"]
[Date "2010.07.04"]
[Round "7"]
[White "Greenidge, Ronuel"]
[Black "Khan, Taffin"]
[Result "1/2-1/2"]
[WhiteElo "1630"]
[BlackElo "1727"]
[PlyCount "82"]
[EventDate "2010.07.01"]
[EventType "tourn"]
[EventRounds "9"]
[EventCountry "GUY"]
[SourceTitle "EXT 2024"]
[Source "ChessBase"]
[SourceDate "2023.10.10"]
[SourceVersion "1"]
[SourceVersionDate "2023.10.10"]
[SourceQuality "1"]

1. c4 e5 2. g3 Nf6 3. Bg2 Nc6 4. e4 Bc5 5. Ne2 0-0 6. 0-0 d6 7. d3 h6 8. Nbc3 a6 9. a3 Nd4 10. h3 Be6 11. b4 Ba7 12. Be3 Qd7 13. Kh2 c6 14. Rb1 Nxe2 15. Qxe2 d5 16. Bxa7 Rxa7 17. exd5 cxd5 18. Qxe5 dxc4 19. dxc4 Bxc4 20. Rfd1 Qc8 21. Qc5 Qxc5 22. bxc5 Rc8 23. Bxb7 Rxc5 24. Rd8+ Kh7 25. Ne4 Nxe4 26. Bxe4+ f5 27. Bf3 Ra5 28. Ra1 Re7 29. Rd4 Bf7 30. h4 g5 31. hxg5 hxg5 32. g4 f4 33. Be4+ Bg6 34. Bxg6+ Kxg6 35. Rd6+ Kf7 36. Kg2 Re6 37. Rd4 Ke7 38. a4 Rd6 39. Re1+ Kd7 40. Ree4 Rdd5 41. Rxd5+ Rxd5 1/2-1/2

[Event "Georgetown Rating"]
[Site "Georgetown"]
[Date "2010.07.02"]
[Round "4"]
[White "Sanches, Casanova Romario"]
[Black "Greenidge, Ronuel"]
[Result "1-0"]
[WhiteElo "1972"]
[BlackElo "1630"]
[PlyCount "107"]
[EventDate "2010.07.01"]
[EventType "tourn"]
[EventRounds "9"]
[EventCountry "GUY"]
[SourceTitle "EXT 2024"]
[Source "ChessBase"]
[SourceDate "2023.10.10"]
[SourceVersion "1"]
[SourceVersionDate "2023.10.10"]
[SourceQuality "1"]

1. e4 d6 2. Nc3 e5 3. Bc4 Nf6 4. d3 Be7 5. f4 Bg4 6. Nf3 Nc6 7. h3 Bxf3 8. Qxf3 Nd4 9. Qd1 c6 10. Ne2 Qb6 11. c3 Ne6 12. Qb3 Qxb3 13. Bxb3 h5 14. g3 Nc5 15. Bc2 a5 16. Be3 Nfd7 17. 0-0-0 Bf6 18. d4 Na6 19. Rd2 0-0-0 20. Bb3 Rhf8 21. Rhd1 Nc7 22. Ng1 Nb5 23. Nf3 g6 24. g4 exf4 25. Bxf4 Rde8 26. Bc2 hxg4 27. hxg4 d5 28. exd5 cxd5 29. g5 Bd8 30. Ba4 Nc7 31. Ne5 b5 32. Bc2 Ne6 33. Be3 Nxg5 34. Bd3 Nxe5 35. dxe5 Rxe5 36. Bc5 Be7 37. Bxe7 Rxe7 38. Bxb5 Rd8 39. Rxd5 Rxd5 40. Rxd5 Ne4 41. Bf1 Kb8 42. Bg2 f5 43. Rxa5 Ng3 44. Ra8+ Kc7 45. Ra7+ Kd6 46. Rxe7 Kxe7 47. a4 Ne2+ 48. Kd2 Nf4 49. Bh1 Kd8 50. a5 Kc7 51. b4 g5 52. b5 Kb8 53. b6 Ne6 54. a6 1-0